000
003180000a22001450004500
003
MACL
005
20160105142208.0
008
160105b xxu||||| |||| 00| 0 eng d
040
_a
MACL
_c
MACL
041
_a
English
082
_a
823
245
_a
No 5 John Street
650
_a
Fiction
_9
28082
942
_c
BK
_k
823
_2
ddc
999
_c
39450
_d
39450